00877nam a22002297a 450000500170000001000150001702000190003203500130005103700130006408200150007724501050009226000480019727000200024530000330026565000470029865000390034565000430038470000260042794200290045399900170048295201480049920100813115918.0 aENG-100650 c3000.00 (v.44) aEN-84183 bDBAD/PUB a011.340954 aGuide to Indian periodical literature: cediter by Satya parkashb(social sciences and humanities) / aGargaonbIndian Documentation Servicec2009 bGargaone122001 a44V (xxvi, 535p.)c25cm (Hb) aIndian preiodicals index periodical913941 aHumanities periodical index913942 aSocial science periodical index913943 aSatya, Prakesh913933 2ddccENh011.340954mGUI c42125d42125 001040718NFICaDBADbDBADd2010-08-16eDBAD/PUBg3000.00l0o011.340954 GUIpEN-84183r2010-08-16 00:00:00t1v3000.00w2010-08-16yENzv.44